MARC

LEADER 00000nam0a2200000 4500
001 369027
005 20231102012136.0
035 |a (RuTPU)RU\TPU\retro\26409 
090 |a 369027 
100 |a 20220428d1980 m y0rusy50 ca 
101 0 |a rus 
102 |a RU 
105 |a a j 001zy 
200 1 |a Электронная техника регулирования  |e учебное пособие  |f А. И. Иванов  |g Уфимский авиационный институт им. Орджоникидзе 
210 |a Уфа  |c [Б. и.]  |d 1980 
215 |a 103 с.  |c ил. 
320 |a Литература: с. 102 
606 1 |a Автоматические системы регулирования  |2 stltpush  |3 (RuTPU)RU\TPU\subj\770  |9 29576 
610 1 |a аналоговые устройства 
610 1 |a цифровые фильтры 
610 1 |a цифровые регуляторы 
610 1 |a вторичные источники питания 
610 1 |a системы управления 
610 1 |a системы регулирования 
610 1 |a учебные пособия 
675 |a 681.51(075)  |v 3 
700 1 |a Иванов  |b А. И.  |g Анатолий Иванович 
712 0 2 |a Уфимский авиационный институт им. Орджоникидзе  |2 stltpush  |3 (RuTPU)RU\TPU\col\4501  |9 23991 
801 1 |a RU  |b 63413507  |c 20220428 
801 2 |a RU  |b 63413507  |c 20220428  |g RCR 
942 |c BK